LEADER 00955oam 2200325zu 450 001 996197655903316 005 20210807001317.0 010 $a1-4244-8331-X 035 $a(CKB)2670000000097723 035 $a(SSID)ssj0000669795 035 $a(PQKBManifestationID)12287616 035 $a(PQKBTitleCode)TC0000669795 035 $a(PQKBWorkID)10710579 035 $a(PQKB)11628636 035 $a(EXLCZ)992670000000097723 100 $a20160829d2011 uy 101 0 $aeng 181 $ctxt 182 $cc 183 $acr 200 10$a2011 IEEE 73rd Vehicular Technology Spring Conference 210 31$a[Place of publication not identified]$cIEEE$d2011 300 $aBibliographic Level Mode of Issuance: Monograph 311 $a1-4244-8332-8 702 $aIEEE Staff 801 0$bPQKB 906 $aPROCEEDING 912 $a996197655903316 996 $a2011 IEEE 73rd Vehicular Technology Spring Conference$92513450 997 $aUNISA LEADER 03519nam 22006255 450 001 9910522945603321 005 20251229074240.0 010 $a3-030-74614-3 024 7 $a10.1007/978-3-030-74614-8 035 $a(CKB)5590000000486882 035 $a(DE-He213)978-3-030-74614-8 035 $a(MiAaPQ)EBC6641036 035 $a(Au-PeEL)EBL6641036 035 $a(OCoLC)1257078301 035 $a(PPN)258063440 035 $a(EXLCZ)995590000000486882 100 $a20210612d2022 u| 0 101 0 $aeng 135 $aurnn|008mamaa 181 $ctxt$2rdacontent 182 $cc$2rdamedia 183 $acr$2rdacarrier 200 10$aProceedings of the 21st Congress of the International Ergonomics Association (IEA 2021) $eVolume V: Methods & Approaches /$fedited by Nancy L. Black, W. Patrick Neumann, Ian Noy 205 $a1st ed. 2022. 210 1$aCham :$cSpringer International Publishing :$cImprint: Springer,$d2022. 215 $a1 online resource (XXVII, 865 p. 283 illus., 234 illus. in color.) 225 1 $aLecture Notes in Networks and Systems,$x2367-3389 ;$v223 311 08$a3-030-74613-5 330 $aThis book presents the proceedings of the 21st Congress of the International Ergonomics Association (IEA 2021), held online on June 13-18, 2021. By highlighting the latest theories and models, as well as cutting-edge technologies and applications, and by combining findings from a range of disciplines including engineering, design, robotics, healthcare, management, computer science, human biology and behavioral science, it provides researchers and practitioners alike with a comprehensive, timely guide on human factors and ergonomics. It also offers an excellent source of innovative ideas to stimulate future discussions and developments aimed at applying knowledge and techniques to optimize system performance, while at the same time promoting the health, safety and wellbeing of individuals. The proceedings include papers from researchers and practitioners, scientists and physicians, institutional leaders, managers and policy makers that contribute to constructing the Human Factors andErgonomics approach across a variety of methodologies, domains and productive sectors. This volume includes papers addressing the following topics: Working with Computer Systems, Human Modelling and Simulation, Neuroergonomics, Biomechanics, Affective Design, Anthropometry, Advanced Imaging. 410 0$aLecture Notes in Networks and Systems,$x2367-3389 ;$v223 606 $aUser interfaces (Computer systems) 606 $aHuman-computer interaction 606 $aTechnological innovations 606 $aCognitive psychology 606 $aUser Interfaces and Human Computer Interaction 606 $aInnovation and Technology Management 606 $aCognitive Psychology 615 0$aUser interfaces (Computer systems) 615 0$aHuman-computer interaction. 615 0$aTechnological innovations. 615 0$aCognitive psychology. 615 14$aUser Interfaces and Human Computer Interaction. 615 24$aInnovation and Technology Management. 615 24$aCognitive Psychology. 676 $a005.437 702 $aBlack$b Nancy L. 702 $aNeumann$b W. Patrick 702 $aNoy$b Ian 801 0$bMiAaPQ 801 1$bMiAaPQ 801 2$bMiAaPQ 906 $aBOOK 912 $a9910522945603321 996 $aProceedings of the 21st Congress of the International Ergonomics Association (IEA 2021)$92084631 997 $aUNINA